000
00285nam a2200121Ia 4500
008
220216s9999 xx 000 0 und d
100
_a
Evans I B N
245
0
_a
Rubber in the laboratory
260
_b
Rubber Developments
_c
1953
300
_a
112-119
650
_a
Rubber
942
_c
JS
999
_c
67700
_d
67700